Online
Catalog

Ganémosle al maltrato en la tarea de crianza / (Record no. 47341)

MARC details
000 -CABECERA
campo de control de longitud fija 01793nam a2200229 a 4500
001 - NÚMERO DE CONTROL
campo de control 000047853
003 - IDENTIFICADOR DEL NÚMERO DE CONTROL
campo de control OSt
005 - FECHA Y HORA DE LA ÚLTIMA TRANSACCIÓN
campo de control 20201215093524.0
008 - DATOS DE LONGITUD FIJA--INFORMACIÓN GENERAL
campo de control de longitud fija 180830s2012 dr a 000 spa d
040 ## - FUENTE DE LA CATALOGACIÓN
Centro catalogador/agencia de origen DO-SdBNP
Lengua de catalogación spa
Centro/agencia transcriptor BNPHU
100 1# - ENTRADA PRINCIPAL--NOMBRE DE PERSONA
Nombre de persona Lara, Evelyn Soraya
9 (RLIN) 11337
245 #0 - MENCIÓN DE TÍTULO
Título Ganémosle al maltrato en la tarea de crianza /
Mención de responsabilidad, etc. Evelyn Soraya Lara, Sarai Ogando, Evelin González.
260 ## - PUBLICACIÓN, DISTRIBUCIÓN, ETC.
Lugar de publicación, distribución, etc. Santo Domingo :
Nombre del editor, distribuidor, etc. PACAM : Nacional,
Fecha de publicación, distribución, etc. 2012.
300 ## - DESCRIPCIÓN FÍSICA
Extensión 40 p. :
Otras características físicas il ;
Dimensiones 23 cm.
504 ## - NOTA DE BIBLIOGRAFÍA, ETC.
Nota de bibliografía, etc. Bibliografía : p. 40
505 0# - NOTA DE CONTENIDO CON FORMATO
Título Padres y madre maltratantes --<br/>
-- Malos tratos --
-- Consecuencias de los malos tratos --<br/>
-- …Ahora ganémosle a los malos tratos --
-- Buenos tratos --<br/>
-- Padre o madre bientratantes --
-- Desarrolla tus destrezas parentales --<br/>
-- Habilidades de la madre o padre bientratantes frente a hijos --
-- Padres y madres bientratantes de hoy --<br/>
-- Resultados de los buenos tratos --
-- ¿Qué tipo de madre o padre eres? --<br/>
-- Los padres y madres autoritarios hacen y dicen --
-- Comportamientos de los hijos e hijas de padres y madres autoritarios --
-- Los padres y las madres permisivos hacen y dicen
-- Comportamientos de los hijos e hijas de los padres y madres sobreprotectores --
-- Los padres y las madres democráticos hacen y dicen --
-- Comportamientos de los hijos/as de los padres/ madres democráticos o bientratantes --<br/>
-- ¡Practica los buenos tratos! --
-- Alerta: ¡Esto también es maltrato! --
-- Leyes y acuerdos internacionales que proteger a niños, niñas y adolescentes --
-- Instituciones donde puedes buscar ayuda --
-- Bibliografía.
590 ## - NOTA LOCAL (RLIN)
Nota local Inventariado,2018/DG
700 ## - PUNTO DE ACCESO ADICIONAL--NOMBRE DE PERSONA
Nombre de persona Ogando, Sarai
9 (RLIN) 63931
700 ## - PUNTO DE ACCESO ADICIONAL--NOMBRE DE PERSONA
Nombre de persona González, Evelin
9 (RLIN) 63930
710 2# - PUNTO DE ACCESO ADICIONAL--NOMBRE DE ENTIDAD CORPORATIVA
Nombre de entidad corporativa o nombre de jurisdicción como elemento de entrada Patronato de Ayuda a Casos de Mujeres Maltratadas, República Dominicana
9 (RLIN) 63934
942 ## - ELEMENTOS DE PUNTO DE ACCESO ADICIONAL (KOHA)
Fuente del sistema de clasificación o colocación Dewey Decimal Classification
Tipo de ítem Koha Libro
Holdings
Estado de retiro Estado de pérdida Fuente del sistema de clasificación o colocación Restricciones de uso No para préstamo Código de colección Localización permanente Ubicación/localización actual Ubicación en estantería Fecha de adquisición Número de inventario Total de préstamos Código de barras Fecha visto por última vez Precio válido a partir de Tipo de ítem Koha Número de copia
    Dewey Decimal Classification Préstamo en sala   Monografías: Libros y Folletos Biblioteca Nacional Pedro Henríquez Ureña General Depósito 15.12.2020     2020-0745 15.12.2020 15.12.2020 Libro e. 3
    Dewey Decimal Classification Excluido de préstamo Excluido de préstamo Monografías: Libros y Folletos Biblioteca Nacional Pedro Henríquez Ureña Patrimonio Dominicano Depósito 30.08.2018 LF1   47853-10 25.06.2020 25.06.2020 Libro  
    Dewey Decimal Classification Excluido de préstamo Préstamo restrigido Monografías: Libros y Folletos Biblioteca Nacional Pedro Henríquez Ureña Patrimonio Dominicano Depósito 15.12.2020     2020-0744 15.12.2020 15.12.2020 Libro e. 2

Powered by Koha